| 000 | 00777nam a2200229 a 4500 | ||
|---|---|---|---|
| 999 |
_c5374 _d5374 |
||
| 001 | 5374 | ||
| 003 | BD-JhCC | ||
| 005 | 20171221104041.0 | ||
| 008 | 171213s1998 bg ||||| |||| 00| 0 ben d | ||
| 035 | _a(BD-JhCC)5374 | ||
| 040 |
_aBD-JhCC _dBD-JhCC |
||
| 041 | _aben | ||
| 082 |
_a590 _bASM 1998 |
||
| 100 | _aআজমল, গাজী | ||
| 245 |
_aউচ্চ মাধ্যমিক দ্বিতীয় পত্র প্রাণিবিজ্ঞান / _bগাজী আজমল, গাজী এস এম আসমত |
||
| 260 |
_aঢাকা : _bগাজী পাবলিশার্স, _c1998. |
||
| 300 |
_a415 p. : _c23 cm. |
||
| 650 | _aZoology | ||
| 700 | _a আসমত, গাজী এস এম | ||
| 942 |
_2ddc _cBK |
||